000
00249nam a2200109Ia 4500
008
190216s9999||||xx |||||||||||||| ||und||
100
_a
William Faulkner
245
4
_a
The Un Reanguished
260
_b
Penguin Books
650
_a
English
942
_c
BK
999
_c
12702
_d
12702